Όλες του Rock οι τάσεις
Αποθηκεύτηκε σε:
| Μορφή: | CD Ηχητικό |
|---|---|
| Γλώσσα: | Greek |
| Δημοσίευση: |
Αθήνα :
FM Records,
[1999]
|
| Σειρά: | Συλλογή δίφωνο ;
; 46 |
| Θέματα: | |
| Ετικέτες: |
Προσθήκη ετικέτας
Δεν υπάρχουν, Καταχωρήστε ετικέτα πρώτοι!
|
MARC
| LEADER | 00000cjm a2200000 i 4500 | ||
|---|---|---|---|
| 001 | 1/55289 | ||
| 007 | sd fs gn m ed | ||
| 008 | 040519s gr gre d | ||
| 028 | 0 | 1 | |a 8182 |b FM |
| 035 | |l 10073404 | ||
| 040 | |a GR-MY-UA |b gre |e aacr | ||
| 041 | 0 | |a gre | |
| 082 | 0 | |a 782.42166 |2 (21η εκδ.) | |
| 245 | 1 | 0 | |a Όλες του Rock οι τάσεις |h [ηχογράφηση] |
| 260 | |a Αθήνα : |b FM Records, |c [1999] | ||
| 300 | |a 1 δίσκος κόμπακτ (55 λεπτ.,99 δευτ.); |b ψηφιακός, στέρεο; |c 4 3/4 ιν. | ||
| 490 | 1 | |a Συλλογή δίφωνο |v ; 46 | |
| 500 | |a Συνοδευτικό CD του περιοδικού Δίφωνο, τεύχους 46 | ||
| 505 | 0 | |a 1. Το παζλ στον αέρα/Στέρεο Νάβα--2. Over/Chao Tattoo--3.Φύσημα αέρα/Σαύρα των βασιλικών δρομων--4. Μπλε/Υπόγεια Ρεύματα--5.Πεζό/Ενδελέχεια--6. Αττικόν Blues/Γιώργος Δημητριάδης-Οι μικρόι ήρωες--7. Τι ώρα πάει?/Ελληνιστάν--8. Κλέφτες και Ψευτες/Επόμενη κίνηση--9. Σαν έρημα καράβια/Υπόγεια Ρεύματα--10. Η θλίψη έχει πάντα χρώμα σκούρο μπλε/Σαύρα των βασιλικών δρόμων--11. Room of Toys/Echo Tattoo--12.New Life/Echo Tattoo--12. Κειμήλια/Metro decay | |
| 650 | 0 | 0 | |a Rock music |z Greece. |
| 830 | 0 | |a Συλλογή δίφωνο ; |v ; 46 | |
| 852 | |a INST |b LESVOS |c AV |e 20040519 |h 782.42166 ΟΛΕ |p 005100028235 |q 005100028235 |t CD |y 23 | ||
| 901 | |a BIBL1-2004-2 | ||
| 909 | |a Λ |b 111929 | ||
| 970 | |a ΜΑΡΙΝΑΤΟΥ |b ΜΥΡΣΙΝΗ |z 2004/05/19 | ||